| 000 | 00452nam a2200193Ia 4500 | ||
|---|---|---|---|
| 005 | 20240823034348.0 | ||
| 008 | 240823s9999||||xx |||||||||||||| ||und|| | ||
| 020 | _a978-81-264-3631-6 | ||
| 041 | _aMALAYALAM | ||
| 082 | _A781.554 Q2 | ||
| 100 | _aKala Vijayan | ||
| 245 | 0 | _aMohiniyattam Ariyendathellam | |
| 250 | _a1st | ||
| 260 |
_c2012 _b"D C Books,Kot" |
||
| 500 | _aYES | ||
| 650 |
_aArt/Dance _bGeneral |
||
| 942 | _cBK | ||
| 999 |
_c198067 _d198067 |
||